8080A/8085 Assembly language programming (Record no. 67084)

000 -LEADER
fixed length control field 00488nam a22001697a 4500
003 - CONTROL NUMBER IDENTIFIER
control field NUST - PNEC
005 - DATE AND TIME OF LATEST TRANSACTION
control field 20170116181011.0
008 - FIXED-LENGTH DATA ELEMENTS--GENERAL INFORMATION
fixed length control field 150913b xxu||||| |||| 00| 0 eng d
020 ## - INTERNATIONAL STANDARD BOOK NUMBER
International Standard Book Number 007099126X
040 ## - CATALOGING SOURCE
Transcribing agency LIBRARY
082 ## - DEWEY DECIMAL CLASSIFICATION NUMBER
Classification number 005.136 LEV
100 ## - MAIN ENTRY--PERSONAL NAME
9 (RLIN) 10160
Personal name Leventhal, L. A.
245 ## - TITLE STATEMENT
Title 8080A/8085 Assembly language programming
Statement of responsibility, etc. Lance A. Leventhal
260 ## - PUBLICATION, DISTRIBUTION, ETC.
Date of publication, distribution, etc. c.1986
650 ## - SUBJECT ADDED ENTRY--TOPICAL TERM
9 (RLIN) 16739
Topical term or geographic name entry element Assembly Language
Chronological subdivision MIS.Computer Science
General subdivision MIS. Computer Science
942 ## - ADDED ENTRY ELEMENTS (KOHA)
Source of classification or shelving scheme
Koha item type Book
Holdings
Withdrawn status Lost status Source of classification or shelving scheme Damaged status Not for loan Permanent Location Current Location Shelving location Date acquired Total Checkouts Full call number Barcode Date last seen Price effective from Koha item type Cost, normal purchase price Cost, replacement price
          Pakistan Navy Engineering College (PNEC) Pakistan Navy Engineering College (PNEC)       005.136 LEV PNECLIB-013009 09/13/2015   Book    
          Pakistan Navy Engineering College (PNEC) Pakistan Navy Engineering College (PNEC)       005.136 LEV PNECLIB-010824 09/18/2015   Book    
          Pakistan Navy Engineering College (PNEC) Pakistan Navy Engineering College (PNEC)       005.136 LEV PNECLIB-010823 09/18/2015   Book    
          Pakistan Navy Engineering College (PNEC) Pakistan Navy Engineering College (PNEC)   09/24/2015   005.136 LEV PNECLIB-010357 09/24/2015   Book    
          Pakistan Navy Engineering College (PNEC) Pakistan Navy Engineering College (PNEC)       005.136 LEV PNECLIB-010822 03/09/2016   Book 0.00 0.00
© 2023 Central Library, National University of Sciences and Technology. All Rights Reserved.